000 00331nam a2200145Ia 4500
008 230711s9999||||xx |||||||||||||| ||und||
041 _aENG
082 _a621
_bSE-U
100 _aSears,A.P
245 0 _aUniversity Physics
250 _a1st
260 _c1985
_aNew Delhi
_bNarosa Publishing House
650 _aPhysics
942 _cBK
999 _c727
_d727